| 000 | 00518nam a2200157 a 4500 | ||
|---|---|---|---|
| 001 | 000038831 | ||
| 005 | 20201002031403.0 | ||
| 008 | 130426s2005 ck 000 0 spa d | ||
| 040 |
_aDO-SdBNP _bspa _cBNPHU |
||
| 100 | 1 |
_aLegorreta, Deborah, _d1954- _965121 |
|
| 245 | 1 | 0 |
_aVivir plenamente : _bhacia el equilibrio y la calidad de vida / _cDeborah Legorreta. |
| 250 | _a2a ed. | ||
| 260 |
_aBogotá : _bNorma , _c2005. |
||
| 300 |
_a190 p. : ; _c21 cm. |
||
| 500 | _aBreve biografĂa de la autora en la solapa de la portada | ||
| 999 |
_c38321 _d38321 |
||